Fifa 22 Top 25 CDMs - Statistics

General Stats
  • This quiz has been taken 223 times
  • The average score is 16 of 25
Answer Stats
Rating Club Nation Player % Correct
90 Chelsea France N'Golo Kante
99%
89 Bayern Munich Germany Joshua Kimmich
94%
89 Real Madrid Brazil Casemiro
92%
86 Manchester City Spain Rodri
92%
86 Liverpool Brazil Fabinho
89%
84 Liverpool England Jordan Henderson
84%
86 FC Barcelona Spain Sergio Busquets
84%
85 Leicester City Nigeria Wilfred Ndidi
81%
83 Manchester City Brazil Fernandinho
76%
84 AC Milan Ivory Coast Franck Kessie
74%
84 Inter Milan Croatia Marcelo Brozovic
74%
83 Borussia Dortmund Belgium Axel Witsel
68%
82 PSG Senegal Idrissa Gueye
66%
83 Tottenham Hotspur Denmark Pierre-Emile Hojbjerg
66%
82 West Ham United England Declan Rice
64%
82 West Ham United Czech Republic Tomas Soucek
62%
83 Everton Brazil Allan
56%
84 Sevilla FC Brazil Fernando
54%
82 Piemonte Calcio Italy Manuel Locatelli
47%
82 Al-Shabab Argentina Ever Banega
46%
82 Bergamo Calcio Netherlands Marten De Roon
41%
81 Roma FC France Jordan Veretout
37%
81 VFL Wolfsburg Germany Maximilian Arnold
33%
81 LOSC Lille France Benjamin Andre
32%
82 Sporting CP Portugal Joao Palhinha
20%
No matching quizzes found
Score Distribution
Percent of People with Each Score
Percentile by Number Answered
Your Score History
You have not taken this quiz